Diskurz - intelektuáli - sociálna komunikácia

Bibliographic Details
Other Authors: Višňovský, Emil, 1956- (Editor), Bianchi, Gabriel, 1955- (Editor), Rebrová, Alena (PhDr.) (Translator)
Format: Book
Language:English
Slovak
Published: Bratislava Veda 1997
Series:Human communication studies
Subjects:

MARC

LEADER 00000cam a2200000 a 4500
001 vtls001318143
003 SK-MaSNL
005 20260302033130.0
008 240226s1997 xo frn 100 0 eng
015 |a SNBA1998/08-02581 
020 |a 8022405167  |q (brožované) 
035 |a SNK000270681 
040 |a SNK  |b slo  |c SNK  |e AACR2 
041 1 |a eng  |b slo  |h slo 
044 |a xo  |c SK 
072 7 |a 316.4/.7  |x Sociálne interakcie  |2 konspekt 
080 |a 301.15(082)=20=854  |2 1997 
080 |a 316.77  |2 2011 
080 |a (048.8)  |2 2011 
080 |a (082)  |2 2011 
080 |a 316.344.32  |2 2011 
080 |a 001  |2 2011 
245 0 0 |a Diskurz - intelektuáli - sociálna komunikácia  |c Emil Višňovský, Gabriel Bianchi (editori) ; [preklad Alena Rebrová] 
246 1 1 |a Discourse - intellectuals - social communication 
260 |a Bratislava  |b Veda  |c 1997 
300 |a 53, 318 strán  |c 21 cm 
490 1 |a Human communication studies  |v vol. 3 
500 |a Zvratmo tlačené dokumenty majú vlastné stránkovanie 
500 |a Obsahuje poznámky 
504 |a Bibliografia na konci jednotlivých štúdií 
546 |a Anglický text so slovenským resumé 
650 0 7 |a sociálna komunikácia  |2 SNKPH  |9 1396 
650 0 7 |a intelektuáli  |2 SNKPH  |9 4873 
650 0 7 |a spoločenské postavenie  |2 SNKPH  |9 3881 
650 0 7 |a veda  |2 SNKPH  |9 1599 
655 7 |a štúdie  |2 SNKPH  |9 57033 
655 7 |a zborníky  |2 SNKPH  |9 70165 
700 1 |a Višňovský, Emil,  |d 1956-  |4 edt  |9 108257 
700 1 |a Bianchi, Gabriel,  |d 1955-  |4 edt  |9 109676 
700 1 |a Rebrová, Alena  |c (PhDr.)  |4 trl  |9 261449 
830 0 |a Human communication studies  |9 295764 
919 |a 80-224-0516-7 
954 |a odborná, vedecká literatúra pôvodná (slovenská)  |2 lita 
958 |a NB 
958 |a OP 
968 |a Eng  |b SLO 
999 |c 1060310  |d 1062240 
952 |a SNK  |b SNK  |y PREZ  |7 0  |p 17A0118503  |o snkSC 94910  |i snkKSP 966/98  |0 0  |1 0  |4 0  |d 1998-01-29  |f 1  |l 0  |r 2025-09-12 00:00:00  |w 2026-02-24 
952 |a SNK  |b SNK  |y VYP  |7 0  |p 17A0118502  |o snkSC 94910 D1  |i snkKSP 967/98  |0 0  |1 0  |4 0  |d 1998-01-29  |l 0  |r 2005-01-02 00:00:00  |w 2026-02-24